Name these 12 logos - Statistics

General Stats
  • This quiz has been taken 534 times
  • The average score is 10 of 12
Answer Stats
Picture Answer % Correct
Tiktok
99%
apple
98%
Instagram
98%
snapchat
97%
taco bell
97%
KFC
94%
starbucks
93%
wendy's
90%
gucci
87%
jet punk
87%
big boy
60%
wikapedia
19%
No matching quizzes found
Score Distribution
Percent of People with Each Score
Percentile by Number Answered
Your Score History
You have not taken this quiz